[Event "ESP-ch FEDC 27th"]
[Site "Almunecar"]
[Date "2018.12.02"]
[Round "7"]
[White "Garcia Martin, Francisca"]
[Black "Morales Rubiella, Albert"]
[Result "0-1"]
[WhiteElo "1273"]
[BlackElo "1343"]
[PlyCount "100"]
[EventDate "2018.11.26"]
[EventType "swiss"]
[EventRounds "8"]
[EventCountry "ESP"]
[SourceTitle "EXT 2024"]
[Source "ChessBase"]
[SourceDate "2023.10.10"]
[SourceVersion "1"]
[SourceVersionDate "2023.10.10"]
[SourceQuality "1"]

1. e4 c5 2. c3 d5 3. Qc2 a6 4. Be2 dxe4 5. Qxe4 Nf6 6. Qc2 g6 7. d3 Bf5 8. c4 Nc6 9. Qc3 Nb4 10. Na3 Nxd3+ 11. Bxd3 Qxd3 12. Qxd3 Bxd3 13. f3 Bf5 14. Be3 b6 15. Rd1 Bg7 16. b3 h5 17. Ne2 0-0 18. 0-0 Rfd8 19. Ng3 Bd7 20. Bf4 Bc6 21. h4 Rd7 22. Rxd7 Nxd7 23. Kh2 Rd8 24. Ne2 Nf8 25. Nb1 Ne6 26. Be3 Nd4 27. Nxd4 cxd4 28. Bd2 e5 29. Re1 f5 30. b4 e4 31. fxe4 fxe4 32. Bg5 Rd7 33. a4 Bxa4 34. Rxe4 Bc2 35. Re1 d3 36. Na3 d2 37. Bxd2 Rxd2 38. c5 bxc5 39. bxc5 Bf5 40. Nc4 Rc2 41. Ne3 Rxc5 42. Nf1 Re5 43. Rd1 Re8 44. Rd5 Be6 45. Ra5 Bc4 46. Ng3 Bc3 47. Rc5 Re3 48. Rxc4 Be5 49. Kg1 Rxg3 50. Rc5 Bd4+ 0-1

[Event "ESP-ch FEDC 27th"]
[Site "Almunecar"]
[Date "2018.12.01"]
[Round "6"]
[White "Garcia Martin, Francisca"]
[Black "Menendez Alvarez, Antonio"]
[Result "1-0"]
[WhiteElo "1273"]
[BlackElo "1208"]
[PlyCount "61"]
[EventDate "2018.11.26"]
[EventType "swiss"]
[EventRounds "8"]
[EventCountry "ESP"]
[SourceTitle "EXT 2024"]
[Source "ChessBase"]
[SourceDate "2023.10.10"]
[SourceVersion "1"]
[SourceVersionDate "2023.10.10"]
[SourceQuality "1"]

1. Nf3 Nf6 2. d4 d5 3. b3 Bg4 4. Ne5 e6 5. Bg5 Nbd7 6. Bxf6 Nxf6 7. h3 Bf5 8. a3 c5 9. e3 a6 10. Be2 b5 11. 0-0 Qc7 12. Bd3 Bxd3 13. Nxd3 cxd4 14. exd4 Bd6 15. f4 0-0 16. Ne5 Bxe5 17. fxe5 Ne4 18. Rf3 Rac8 19. c3 Qe7 20. Qe1 f6 21. Ra2 f5 22. Re2 Qg5 23. Kh2 f4 24. Rxe4 dxe4 25. Qxe4 Qf5 26. Rxf4 Qxf4+ 27. Qxf4 Rxf4 28. Kg3 Rcf8 29. Nd2 Rf2 30. Ne4 h6 31. Nxf2 1-0

[Event "ESP-ch FEDC 27th"]
[Site "Almunecar"]
[Date "2018.11.30"]
[Round "5"]
[White "Urlezaga Mandaluniz, Jose A"]
[Black "Garcia Martin, Francisca"]
[Result "1-0"]
[WhiteElo "1170"]
[BlackElo "1273"]
[PlyCount "61"]
[EventDate "2018.11.26"]
[EventType "swiss"]
[EventRounds "8"]
[EventCountry "ESP"]
[SourceTitle "EXT 2024"]
[Source "ChessBase"]
[SourceDate "2023.10.10"]
[SourceVersion "1"]
[SourceVersionDate "2023.10.10"]
[SourceQuality "1"]

1. e4 e5 2. Nf3 Nc6 3. Bc4 Nf6 4. Nc3 Bc5 5. 0-0 d6 6. Ng5 d5 7. exd5 Na5 8. Bb5+ c6 9. dxc6 bxc6 10. Qe2 Bd6 11. Nce4 0-0 12. Nxf6+ Qxf6 13. Ne4 Qe7 14. Bd3 Bc7 15. Qf3 Be6 16. Qg3 f6 17. Kh1 Rab8 18. Qh4 Qd7 19. Ng5 h6 20. Nh7 Rf7 21. Bg6 Re7 22. Nxf6+ gxf6 23. d3 Bf5 24. Bh5 Rh7 25. Qxf6 Rf8 26. Qh4 Bd8 27. Qa4 Bb6 28. b4 Nb7 29. Qb3+ Be6 30. c4 c5 31. Ba3 1-0

[Event "Almunecar FEDC op 17th"]
[Site "Almunecar"]
[Date "2016.09.28"]
[Round "4"]
[White "Garcia Martin, Francisca"]
[Black "San Isidoro Castillo, Jose"]
[Result "1/2-1/2"]
[WhiteElo "1495"]
[BlackElo "1444"]
[PlyCount "73"]
[EventDate "2016.09.25"]
[EventType "swiss"]
[EventRounds "7"]
[EventCountry "ESP"]
[SourceTitle "EXT 2017"]
[Source "ChessBase"]
[SourceDate "2016.10.25"]
[SourceVersion "1"]
[SourceVersionDate "2016.10.25"]
[SourceQuality "1"]

1. d4 Nf6 2. Nc3 e6 3. e4 Bb4 4. Bd2 Bxc3 5. Bxc3 Nxe4 6. Qf3 Nxc3 7. Qxc3 0-0 8. 0-0-0 d5 9. Nf3 Nd7 10. Be2 Nf6 11. Bd3 Qe7 12. h3 Ne4 13. Bxe4 dxe4 14. Ne5 f6 15. Ng4 c6 16. f3 exf3 17. Qxf3 Bd7 18. Rhe1 a5 19. Rd3 Be8 20. Qg3 Kh8 21. c3 b5 22. Rde3 Qd7 23. Rxe6 Qf7 24. Nf2 Rc8 25. Re7 Qg8 26. Nd3 a4 27. Nc5 Bf7 28. Ne6 Bxe6 29. R1xe6 Rfe8 30. Rxe8 Rxe8 31. Rxe8 Qxe8 32. a3 g6 33. Qf2 Qe6 34. Qc2 Kg7 35. Kb1 Qe1+ 36. Ka2 Qe6+ 37. Kb1 1/2-1/2